000 00530nam a22002057a 4500
003 Ost
005 20260313075517.0
008 260313b |||||||| |||| 00| 0 eng d
020 _a9789332901902
040 _cBT-PhCST
050 _a25782-25784
082 _222
_a628.20
_bMCG
100 _aMcghee, Terence J.
245 _aWater supply and sewerage /
250 _a6th ed.
260 _aIndia :
_bMcGraw Hill Education,
_cc2014.
300 _axv, 602 p. :
_bill. ;
_c23 cm.
500 _aIncludes index.
942 _2ddc
_cWRE
999 _c10207
_d10207